00625nam a2200193Ia 4500008004100000020001400041082001600055100002200071245003300093250000700126260003900133300002600172500001900198600002100217650005000238942000700288952012100295999001500416240925s9999 xx 000 0 und d a675201063 a005.133 MOR aMoriber ,Harry A. 0aStructured Basic Programming aNA aOxford:bOxford Universityc,1984. ax,254p.bNAfOriginal aIncludes Index aComputer Science aComputer science, information & general works cBK 001040708CSaUITUbUITUd1997-11-19eUIT Fruit Canadal0o005.133 MORpQ1362r2024-09-25 07:12:24w2024-09-25yBK c3861d3861